000 00617cam a2200205 4500500
005 20260329004439.0
041 _afre
042 _adc
100 1 0 _aMorel, François
_eauthor
245 0 0 _a“Carpe diem (quam minimum credula postero)”
260 _c2019.
500 _a66
690 _aCarpe diem
690 _aCitation
690 _aFrançois Morel
690 _aHorace
690 _aJacques Chirac
786 0 _nPhilosophie magazine | 135 | 12 | 2019-12-01 | p. 65-65 | 1951-1787
856 4 1 _uhttps://shs.cairn.info/magazine-philosophie-magazine-2019-12-page-65?lang=fr&redirect-ssocas=7080
999 _c1833927
_d1833927